-The Tourist- by Radiohead Lyrics - Statistics

General Stats
  • This quiz has been taken 48 times
  • The average score is 64 of 81
Answer Stats
Answer % Correct
I
100%
I
100%
Hey
94%
Hey
94%
Hey
94%
man,
94%
man,
94%
man,
94%
A
92%
a
92%
down
92%
down
92%
down
92%
down
92%
down
92%
down
92%
down
92%
down
92%
down
92%
down
92%
down
92%
down
92%
slow
92%
Slow
92%
slow
92%
Slow
92%
slow
92%
Slow
92%
slow
92%
Slow
92%
slow
92%
Slow
92%
slow
92%
Slow
92%
Idiot,
89%
Idiot,
89%
Idiot,
89%
the
83%
the
83%
me
81%
me
81%
no
81%
No
81%
See
81%
at
78%
At
78%
But
78%
It
78%
one
78%
one
78%
else
75%
else
75%
ghost
75%
Like
75%
seen
75%
seen
75%
barks
72%
it's
72%
it's
72%
per
72%
second
72%
thousand
72%
going?
67%
hell
67%
I'm
67%
feet
64%
guess
64%
sparks
64%
sparks
64%
where
64%
know
61%
when
56%
A-flowin'
53%
They
53%
Would
53%
you
53%
ask
50%
get
47%
Sometimes
47%
That's
47%
overcharged
39%
No matching quizzes found
Score Distribution
Percent of People with Each Score
Percentile by Number Answered
Your Score History
You have not taken this quiz